Loading...
| Science - Biology | 1 | 6 | 0 | 0 | 75 | 53 | 88.00 | 1 | 6 |
| Religion | 2 | 4 | 1 | 2 | 65 | 36 | 83.17 | 1 | 5 |
| History - American History | 3 | 2 | 0 | 0 | 65 | 45 | 73.60 | 1 | 3 |
| History - Other History | 1 | 4 | 0 | 0 | 55 | 56 | 73.40 | 0 | 3 |
| Science - Other Science | 1 | 4 | 1 | 1 | 50 | 21 | 87.00 | 2 | 4 |
| Social Science | 0 | 4 | 0 | 0 | 40 | 77 | 94.00 | 1 | 3 |
| History - World History | 1 | 2 | 0 | 0 | 35 | 17 | 69.00 | 1 | 2 |
| Philosophy | 1 | 2 | 0 | 0 | 35 | 52 | 67.00 | 2 | 3 |
| Mythology | 1 | 2 | 0 | 0 | 35 | 67 | 93.00 | 1 | 2 |
| Current Events | 0 | 3 | 0 | 1 | 30 | 74 | 101.00 | 0 | 3 |
| History - European History | 1 | 1 | 0 | 0 | 25 | 78 | 91.00 | 0 | 2 |
| Fine Arts - Other Fine Arts | 0 | 2 | 0 | 0 | 20 | 72 | 98.00 | 1 | 2 |
| Geography | 1 | 1 | 1 | 1 | 20 | 53 | 76.00 | 1 | 2 |
| Literature - British Literature | 0 | 2 | 0 | 0 | 20 | 93 | 105.50 | 0 | 2 |
| Literature - World Literature | 1 | 0 | 0 | 0 | 15 | 32 | 32.00 | 1 | 1 |
| Fine Arts - Auditory Fine Arts | 0 | 1 | 0 | 0 | 10 | 117 | 117.00 | 0 | 1 |
| Fine Arts - Visual Fine Arts | 0 | 1 | 0 | 0 | 10 | 113 | 113.00 | 0 | 0 |
| Science - Chemistry | 0 | 1 | 0 | 1 | 10 | 109 | 109.00 | 0 | 1 |
| Science - Physics | 0 | 1 | 0 | 0 | 10 | 100 | 100.00 | 0 | 0 |